000 00603nam a2200253Ia 4500
005 20250425161914.0
008 250425s9999 xx 000 0 und d
020 _a0873376013
041 _aeng
082 _a346.73
100 _aELIAS, STEPHEN
245 0 _aPATENT COPYRIGHT & TRADEMARK
250 _a4TH ED.
260 _aEstados Unidos
_bNOLO
_c2000
260 _aS.L.
300 _a496
650 _aDERECHO PRIVADO
650 _aLEY DE PROPIEDAD INTELECTUAL
650 _aMARCAS DE FABRICA-LEGISLACION
650 _aPATENTES
710 _aNOLO
942 _c01
010 _a34435
999 _c218544
_d218544